MARC детайли
| 000 -Лидер |
| Контролно поле с фиксирана дължина |
02971nam a2200493 a 4500 |
| 003 - Код на организацията, давaща контролен номер |
| Контролно поле |
BLK |
| 005 - Дата и час на последна редакция |
| Контролно поле |
20250128005502.0 |
| 008 - Елементи от данни с фиксирана дължина |
| fixed length control field |
180409b bul|||||r ||||||| ||bul|| |
| 010 ## - Наследен системен номер |
| LC control number |
KNG00149403000 |
| 040 ## - Източник на каталожния запис |
| Идентификатор на билиотеката - собственик на записа |
BLK |
| 041 ## - Код за език |
| Код за езика на текст/звукозапис или на отделно заглавие |
Български |
| Код за езика КДБФ |
Български |
| 072 #7 - Код за тематичната категория |
| Код организация |
bullib |
| Код за тематична категория |
К |
| Текст |
Краезнание |
| 072 #7 - Код за тематичната категория |
| Код организация |
bullib |
| Код за тематична категория |
Ц |
| Текст |
Редки и ценни |
| 080 ## - УДК |
| Текстов определител УДК |
Априлско въстание (1876). Четата на Хр. Ботев |
| УДК код - определител по УДК |
94(497.2)"1876" |
| УДК - код + определител |
94(497.2)"1876" |
| 080 ## - УДК |
| Текстов определител УДК |
Българска литература |
| УДК код - определител по УДК |
821.163.2 |
| УДК определител |
-4 |
| УДК - код + определител |
821.163.2-4 |
| 100 1# - Редна дума - Автор |
| Автор |
Дюлгеров, Димитър Иванов |
| Авторска отговорност |
първи автор |
| R(LIN) |
327925 |
| 139 ## - Редно поле |
| Редна дума |
Дюлгеров, Димитър Иванов |
| Авторски знак |
Дю - Д 97 |
| 245 10 - Сведения за заглавието |
| Заглавие |
Очерки и разкази за постраданието на Дреновскийт манастир "Св. Архангел Михаил" във време на въстанието през 1876 година |
| Подзаглавни данни |
[По разказ на Пахомий Стоянов] |
| Редно поле (дума) |
Димитър Иванов Дюлгеров. |
| 257 ## - Страна на издаване |
| Страна на създаване/издаване |
България |
| 260 ## - Област на издателските данни |
| Име на издателя, разпространителя и проч. |
отец Пахомий Стоянов |
| Година на издаване |
1882 |
| Печатница |
Русчук : скоропеч. на в. Славянин |
| Място на издаване, разпространение и проч. |
Русе |
| 300 ## - Физическа характеристика |
| Страници |
IV, 56 с. |
| Размери/Мащаб |
20 см |
| 380 ## - Жанр |
| Жанр |
История |
| 490 ## - СЕРИИ (Колекции) |
| 9 (RLIN) |
435080 |
| Име на серия |
Колекция Редки и ценни издания |
| 500 ## - Общи забележки |
| Забележка |
Пахомий Стоянов известен като архим. Пахомий Рилски. |
| 650 #0 - Допълнително описание по предмет – тема |
| Основно описание – тема или топоним |
България - история, османско владичество |
| 9 (RLIN) |
245876 |
| 650 #4 - Допълнително описание по предмет – тема |
| Основно описание – тема или топоним |
Манастири - България - история |
| 9 (RLIN) |
244582 |
| 650 #4 - Допълнително описание по предмет – тема |
| Основно описание – тема или топоним |
Дряновски манастир - история |
| 9 (RLIN) |
255047 |
| 650 #7 - Допълнително описание по предмет – тема |
| Основно описание – тема или топоним |
Априлско въстание, 1876 г. |
| Източник на редна или ключова дума |
|
| 9 (RLIN) |
147292 |
| 651 #4 - Допълнително описание по предмет - топоним |
| Географско понятие |
България |
| 9 (RLIN) |
241624 |
| 653 ## - Ключова дума – ненормативна |
| Ключова дума |
българска история |
| 653 ## - Ключова дума – ненормативна |
| Ключова дума |
османско владичество |
| 653 ## - Ключова дума – ненормативна |
| Ключова дума |
Априлско въстание |
| 653 ## - Ключова дума – ненормативна |
| Ключова дума |
манастири |
| 659 ## - Тематичен бюлетин |
| Тематичен бюлетин |
К |
| 659 ## - Тематичен бюлетин |
| Тематичен бюлетин |
Ц |
| 852 ## - Местоположение |
| Форматна сигнатура |
Рб 882 |
| Фондова буква |
Редки и ценни |
| 852 ## - Местоположение |
| Форматна сигнатура |
К 94(497.2)"1876"/Д 97 |
| Фондова буква |
Краезнание |
| 856 4# - Електронен адрес и достъп |
| Електронен формат |
pdf - файл |
| Инструкция (цена за достъп) |
0.00 |
| Права за достъп |
Достъп за регистрирани потребители |
| Име на файл |
Очерки и разкази за постраданието на Дреновскийт манастир "Св. Архангел Михаил" във време на въстанието през 1876 година [По разказ на Пахомий Стоянов] |
| Път до файла /url/ |
http://185.138.176.146:18082/cgi-bin/koha/opac-retrieve-file.pl?id=dce5442dcb31138546dd51b09f78206a |
| Допълнителна информация (Корица, съдържание, пълен текст, звуков файл, HTML файл) |
Електронна книга |
| Информация за съдържанието |
Очерки и разкази за постраданието на Дреновскийт манастир "Св. Архангел Михаил" във време на въстанието през 1876 година [По разказ на Пахомий Стоянов] |
| 942 ## - АРТИКУЛИ |
| Вид на библиотечния материал |
Книги |
| Скрит в OPAC |
Не |
| Периодичен библиозапис |
Да |
| 944 ## - СЪЗДАВАНЕ И РЕДАКЦИЯ на ЗАПИСА |
| Създаване/Редакция |
Създаване |
| Дата на регистрацията/редакция |
16.08.2013 |
| Статус, дата на статуса |
CRON CRON |
| Служител, извършил регистрацията/редакцията |
|
| 944 ## - СЪЗДАВАНЕ И РЕДАКЦИЯ на ЗАПИСА |
| Създаване/Редакция |
Редакция |
| Дата на регистрацията/редакция |
2023-04-19 |
| Статус, дата на статуса |
2023-04-19 |
| 999 ## - СИСТЕМНИ КОНТРОЛНИ НОМЕРА |
| Koha biblionumber |
143284 |
| Koha biblioitemnumber |
143284 |
| 999 ## - СИСТЕМНИ КОНТРОЛНИ НОМЕРА |
| Koha biblioitemnumber |
143284 |
| 999 ## - СИСТЕМНИ КОНТРОЛНИ НОМЕРА |
| Koha biblioitemnumber |
143284 |